| 000 | 00536nam a22001817a 4500 | ||
|---|---|---|---|
| 005 | 20231027140310.0 | ||
| 008 | 231024b |||||||| |||| 00| 0 eng d | ||
| 020 | _a0702114944 ; 0702115525 | ||
| 041 | _aEnglish | ||
| 082 | _a347 MOR | ||
| 100 |
_aMorris, E _lEnglish |
||
| 245 |
_aTechnique in Litigation / _cE Morris |
||
| 250 | _aThird Edition | ||
| 260 |
_aCape Town : _bJuta & Company Limited, _c1985 |
||
| 300 |
_bxxxiii, 373 pages ; _c25.4 cm. |
||
| 650 |
_aLegal Practice _bLaw |
||
| 942 |
_cBK _6ALISON_B_N__VRIES |
||
| 999 |
_c21 _d21 |
||